| 000 | 01023nmm a2200313 a 4500 | ||
|---|---|---|---|
| 001 | ocm0002347720 | ||
| 003 | TR-IsHL | ||
| 005 | 20201028185654.0 | ||
| 008 | 191109s2019 tu tur | ||
| 007 | cr cn | ||
| 020 | _a9786057879103 | ||
| 035 |
_a2347720 _b(N$T) |
||
| 050 | 0 | 4 |
_aPZ7.5.A348 _bP619 2019 |
| 090 | 0 | 4 |
_aPZ7.5.A348 _bP619 2019 |
| 100 | 1 | _aAcevedo, Elizabeth | |
| 245 | 1 | 0 |
_aŞair X _h[electronic resource] / _cElizabeth Acevedo ; çeviren Ebru Telkenaroğlu ; editör Yusuf Yavuz |
| 250 | _a1. Baskı | ||
| 260 |
_aİstanbul : _bSalon yayınları, _c2019 |
||
| 300 | _a365 p. | ||
| 500 | _aÖzgün adı: The Poet X | ||
| 650 | 4 | _aDil ve Edebiyat | |
| 650 | 4 | _aLanguage and Literature | |
| 650 | 0 | _aAmerikan romanı | |
| 650 | 0 | _aAmerican fiction | |
| 650 | 7 |
_aLITERARY COLLECTIONS / American / General _2bisacsh |
|
| 700 | 1 | _aTelkenaroğlu, Ebru | |
| 700 | 1 | _aYavuz, Yusuf | |
| 856 | 4 | 0 | _uhttp://search.ebscohost.com/login.aspx?direct=true&scope=site&db=e011xww&AN=2347720 |
| 999 |
_c21570 _d21570 |
||